000 00827nab a2200253 u 4500
001 15096
003 HDC
007 cr bn ---aaaaa
008 210217c20150204my dr|nes 0 a may d
040 _aHDC
100 _aZulfa Mohamad
_eauthor
_98447
245 0 _aArt Dadih ke China / oleh
_cZulfa Mohamad
260 _aKuala Lumpur :
_bThe New Straits Times Press (M) Bhd.,
_c2015
336 _atext
_2rdacontent
337 _acomputer
_2rdamedia
338 _aonline resource
_2rdacarrier
650 _aexport market
_97470
650 _afood industry
_9536
710 _aHarian Metro
856 _zRequest full-text at [email protected]
942 _2lcc
942 _cNEWS
942 _kNWSC 005702
999 _c12412
_d12412